000 006360000a22001810004500
003 MACL
005 20160510161904.0
008 160510b xxu||||| |||| 00| 0 eng d
040 _aMACL
_cMACL
041 _aHindi
082 _a891.431 MAH
100 _aमहापात्र, सीताकान्‍त
_952434
245 _aतीस कविता वर्ष
_cसीताकान्‍त महापात्र
260 _bभारतीय ज्ञानपीठ प्रकाशन
_c2006
_aनई दिल्‍ली
350 _a110
650 _aPoetry
_956031
942 _cHIN
_k891.431/MAH/P
_2ddc
999 _c10336
_d10336